Advanced Biofuels Under the Renewable Fuel Standard : Current Status and Future Prospects.

Bibliographic Details
Format: Government Document eBook
Language:English
Published: Bethesda, Md. : ProQuest, 2018.
Subjects:
Online Access:electronic resource (pdf)

MARC

Tag First Indicator Second Indicator Subfields
LEADER 00000cam a2200000 4500
001 in00004154331
005 20200117101442.0
006 m d f
007 cr bn mmmapmmp
008 190605s2018 mdu o f000 0 eng d
024 8 |a hrghrg2018hec192870 
024 8 |a chdc20190199 
035 |a chdc20190199 
040 |a UMI  |c UMI  |e rda  |d UtOrBLW 
043 |a n-us--- 
086 0 |a Y4.C73/8:115-144 
110 1 |a United States.  |b Congress.  |b House.  |b Committee on Energy and Commerce.  |b Subcommittee on Environment,  |e issuing body.  |0 http://id.loc.gov/authorities/names/no2017091004 
245 1 0 |a Advanced Biofuels Under the Renewable Fuel Standard :  |b Current Status and Future Prospects. 
264 1 |a Bethesda, Md. :  |b ProQuest,  |c 2018. 
300 |a 172 pages, digital PDF file 
336 |a text  |2 rdacontent  |b txt 
337 |a computer  |b c  |2 rdamedia 
338 |a online resource  |2 rdacarrier  |b cr 
500 |a Record is based on bibliographic data in ProQuest U.S. Congressional Hearings Digital Collection. Reuse of record except for individual research requires license from ProQuest, LLC. 
500 |a "June 22, 2018." 
500 |a Committee on Energy and Commerce Serial Number 115-144. 
533 |a Electronic reproduction.  |b [Bethesda, Md.] :  |c ProQuest,  |d 2019.  |e digital, PDF file.  |n ProQuest Congressional Hearings Digital Collection.  |n Mode of access: World Wide Web via ProQuest website. 
538 |a System requirements: PDF reader software. 
650 0 |a Biomass energy  |x Government policy  |z United States. 
650 0 |a Biodiesel fuels  |x Government policy  |z United States. 
610 2 0 |a Renewable Fuel Standard Program (U.S.)  |0 http://id.loc.gov/authorities/names/no2014036988 
610 1 0 |a United States.  |b Environmental Protection Agency.  |0 http://id.loc.gov/authorities/names/n79079597 
776 0 8 |a United States. Congress. House. Committee on Energy and Commerce. Subcommittee on Environment.  |t Advanced Biofuels Under the Renewable Fuel Standard  |o CIS 2019 H361-192870 
856 4 0 |u http://proxy.library.tamu.edu/login?url=http://congressional.proquest.com/congcomp/getdoc?hearing-id=hrg-2018-hec-192870  |y electronic resource (pdf)  |z cis 2019 h361-192870  |t 0 
999 f f |s 2b46a3b7-d511-3157-82c0-0bcb90f84824  |i 7a8f991a-1cfb-3e49-927c-0485a24fb595  |t 0 
952 f f |a Texas A&M University  |b College Station  |c Electronic Resources  |d Available Online  |t 0  |e Y4.C73/8:115-144  |h Superintendent of Documents classification 
998 f f |a Y4.C73/8:115-144  |t 0  |l Available Online